000 01163nam a2200337 i 4500
003 EG-GICUC
005 20260417093629.0
008 260417s1967 fr ||||fr|||| 00| 0 fre d
040 _aEG-GiCUC
_bfre
_cEG-GiCUC
_dEG-GiCUC
_eRda
041 _afre
_hfre
082 0 4 _221
_a343.1139
_bTS . M
092 0 4 _221
099 _aLaw1 10 343.1139 TS . M 1967
100 1 _aTsarpalas, Angelos
_eAuteur
245 1 3 _aLe Moment et la durée des infractions pénales.
_cPar Angelos Tsarpalas, Préfacier Robert Vouin.
_nTome 7,
264 1 _aParis :
_bLibrairie générale de droit et de jurisprudence,
_c1967.
300 _a290 pages ;
_c25 cm.
336 _2rda contenu
_a texte
337 _2rda medias
_aOrdinateur
338 _2 transporteur rda
_a Ressource en ligne
490 _aBibliothèque de sciences criminelles,
_vV 7
504 _aBibliogr. p. 279-283
546 _aTexte en français
650 1 _aDroit pénal
650 1 _aDroit pénal général
650 1 _aAutres catégories de crimes
700 1 _aVouin, Robert
_ePréfacier
856 4 0 _uhttps://fll.law.cu.edu.eg/fulltext/bks/B10-09146.pdf
905 _a43
942 _2ddc
_n0
_cBK
_e21
999 _c71536
_d71536